000 00490nam a2200205Ia 4500
008 180523s9999 xx 000 0 und d
020 _a978-981-4352-88-8
050 _aMAIN HG 173
050 _b.M39 2011 c.1
100 _aMayo, Herbert B.
245 0 _aBasic finance /
245 0 _cHerbert B. Mayo
260 _aSingapore :
260 _bCengage Learning,
260 _c2011
300 _a137 pages :
300 _billustrations ;
300 _c23 cm.
650 _aFinance.
999 _c357244
_d357244